000 00873nam a22002417a 4500
999 _c15417
_d15417
003 MIRAKIL
005 20240215123755.0
008 240215b tu ||||| |||| 00| 0 tur d
020 _a9786258297690
040 _aTR-AnCHP
_cTR-AnCHP
041 _aİng
082 _a325.109
_bE62s 2022
090 _a325.109 E62s 2022
100 _aErdoğan, M. Murat
_qProf. Dr.
245 1 0 _aSyrians barometer 2021 :
_baframework for achieving social cohesion with Syrians in Turkey /
_cM. Murat Erdoğan.
260 _aAnkara :
_bEğiten kitap yayıncılık,
_c2022.
300 _a358 s. :
_bgrf., res., tbl. ;
_c27 cm.
650 0 _95440
_aGöç ve göçmenlik
651 0 _95416
_aTürkiye
_xSuriye sınırlar
651 0 _95416
_aTürkiye
_xSuriye dış ilişkiler
856 _zDijital Nüshası için Partimizin Kütüphane Sorumlusu ile iletişime geçiniz.
942 _2ddc
_cBKS